000 01919cam a2200229 4500500
005 20260322003223.0
041 _afre
042 _adc
100 1 0 _aCloitre, Aveline
_eauthor
700 1 0 _aDos Santos Paulino, Victor
_eauthor
245 0 0 _aInvestigating the Triple Helix Twins Governance through Coopetition: A CoPS Case Study
260 _c2025.
500 _a42
520 _aThis study addresses the governance tensions between innovation and sustainability in innovation ecosystems, with a focus on coopetition strategies within the Triple Helix Twins model. Building on recent literature on coopetition, sustainable development-oriented innovation ecosystems, and knowledge spillovers, it investigates how industry, university, government, and the public strategically align their objectives, resources, and constraints through coopetitive dynamics. Adopting an abductive qualitative design, this paper relies on the French aerospace and energy industries. Using a systematic combining protocol, it analyses 22 semi-structured interviews and secondary data. Findings reveal that coopetition fosters dynamic alignment among actors through continuous control feedback loops and knowledge spillover orchestration. Yet, public inclusion remains limited due to poor involvement in the traditional Triple Helix, leading to more extreme ideas in governance. This research conceptualizes coopetition as a cross-actors multi-level tool balancing innovation and sustainability, calling for more inclusive processes in high-technological innovation ecosystems.
690 _aComplex Products and Systems
690 _aCoopetition
690 _aInnovation
690 _aSustainability
690 _aTriple Helix Twins
786 0 _nInnovations | hors-série | HS1 | 2025-10-10 | p. 35-35 | 1267-4982
856 4 1 _uhttps://shs.cairn.info/journal-innovations-2025-HS1-page-35?lang=en&redirect-ssocas=7080
999 _c1730162
_d1730162